Predchádzanie negatívnemu vplyvu prírodného rizika na samosprávu bakalárska práca

Na minha lista:
Detalhes bibliográficos
Autor principal: Hanuliaková, Katarína
Autor Corporativo: Národohospodárska fakulta EU. Katedra verejnej správy a regionálneho rozvoja
Outros Autores: Kalafutová, Anna, 1996-
Formato: Livro
Idioma:eslovaco
Publicado em: Bratislava 2023
Tags: Adicionar Tag
Sem tags, seja o primeiro a adicionar uma tag!

MARC

LEADER 00000nbm a2200000 4500
001 0294613
005 20231129102806.9
041 0 |a slo 
044 |a SK 
245 1 0 |a Predchádzanie negatívnemu vplyvu prírodného rizika na samosprávu  |b bakalárska práca  |c Katarína Hanuliaková ; školiteľ: Anna Kalafutová 
264 1 |a Bratislava  |c 2023 
300 |a 52 s. 
100 1 |a Hanuliaková, Katarína 
700 1 |a Kalafutová, Anna, 1996- 
710 2 |a Národohospodárska fakulta EU. Katedra verejnej správy a regionálneho rozvoja